| 000 | 00933nam a2200301 a 4500 | ||
|---|---|---|---|
| 001 | ASIN1849040850 | ||
| 005 | 20170105102927.0 | ||
| 008 | 131212s2010 xxu eng d | ||
| 020 | _a1849040850 (paperback) | ||
| 020 | _a9781849040853 (paperback) | ||
| 040 | _a0 | ||
| 050 | 0 | 4 | _aDS119.76 |
| 082 | 0 | 4 |
_a956.94054 _bKLE 2010 |
| 100 | 1 | _aKlein, Menachem. | |
| 245 | 1 | 4 |
_aThe shift / _cMenachem Klein. |
| 260 |
_a[S.l.] : _bC Hurst & Co Publishers Ltd, _c2010. |
||
| 300 |
_a206p. _c19 cm. |
||
| 650 | 0 | _aArab-Israeli conflict | |
| 650 | 0 | _aIsrael | |
| 650 | 0 | _aLand settlement | |
| 650 | 0 | _aLand settlement--Government policy | |
| 650 | 0 | _aMiddle East--Palestinian National Authority | |
| 650 | 0 | _aPalestinian Arabs--Politics and government | |
| 650 | 0 | _aPolitical science | |
| 650 | 0 | _aWest Bank | |
| 856 | 4 | 0 |
_3Amazon.com _uhttp://www.amazon.com/exec/obidos/ASIN/1849040850/chopaconline-20 |
| 942 |
_2ddc _cBK |
||
| 999 |
_c15858 _d15858 |
||